000 00527nam a2200121Ia 4500
008 220216s9999 xx 000 0 und d
100 _aSaha T
245 0 _aCharacterization of a family of disease resistant gene analogues (RGAs) in rubber (Hevea brasiliensis) and their relationship with functional RGAs in response ot Corynespora infection
260 _bNational Symposium on Molecular Approaches for Management of Fungal Diseases of Crop Plants, IIHR, Bangalore
700 _aRavindran M
700 _aRoy C B
942 _cBS
999 _c53121
_d53121